| 000 | 00651nam a22002177a 4500 | ||
|---|---|---|---|
| 003 | UPN | ||
| 005 | 20230307193308.0 | ||
| 008 | 230307s2021 sp| |||fr|||| 00| 0 spa d | ||
| 020 | _a9788413521657 | ||
| 040 |
_aMX-MxUPN _bspa |
||
| 050 | 4 |
_aHQ1381 _bA34 2021 |
|
| 100 | 1 |
_948129 _aAgenjo Calderón, Astrid |
|
| 245 | 1 | 0 |
_aEconomía política feminista : _bsostenibilidad de la vida economía mundial |
| 260 |
_aMadrid : _bCatarata, _cc2021 |
||
| 300 | _a333 páginas | ||
| 490 |
_aColección economía inclusiva ; _v2 |
||
| 650 | 0 |
_916792 _aEconomía feminista |
|
| 902 | _aVíctorGodínez/070323 | ||
| 942 |
_2lcc _cLIBRO |
||
| 999 |
_c209283 _d209283 |
||